000 00384nam a22001457a 4500
003 NUST - PNEC
005 20170116181109.0
008 151003b xxu||||| |||| 00| 0 eng d
040 _cLIBRARY
082 _a954.9113 HUS
245 _aKashmir dispute:an international law perspective
_cHussain, Ijaz
260 _cc.1998
650 _912772
_bKashmir
_xGeneral book
942 _2ddc
_cBK
999 _c69026
_d69026